000 01329cam a2200325 a 4500
001 3905121
005 20221011102331.0
008 910522s1991 enka b 001 0 eng
010 _a 91014780
020 _a0521382459
040 _aDLC
_cDLC
_dDLC
043 _aa-cc---
_aa-hk---
050 0 0 _aHF1604
_b.S87 1991
082 0 0 _a337.5105125
_bSUN
100 1 _aSung, Yun-Wing
_d1948-
_999780
245 1 4 _aThe China--Hong Kong connection :
_bthe key to China's open-door policy /
_cYun-Wing Sung.
260 _aCambridge ;
_aNew York, NY :
_bCambridge University Press,
_c1991.
300 _axiv, 183 p. :
_bill. ;
_c22 cm.
490 1 _aTrade and development
504 _aIncludes bibliographical references (p. 177-180) and index.
650 0 _aIntermediation (Finance)
_999781
651 0 _aChina
_xCommercial policy.
_999782
651 0 _aHong Kong (China)
_xCommerce.
_999783
830 0 _aTrade and development (Cambridge, England)
_999784
856 4 2 _3Publisher description
_uhttp://www.loc.gov/catdir/description/cam024/91014780.html
856 4 1 _3Table of contents
_uhttp://www.loc.gov/catdir/toc/cam028/91014780.html
906 _a7
_bcbc
_corignew
_d1
_eocip
_f19
_gy-gencatlg
942 _2ddc
_cBK
999 _c591654
_d591654